000 00540nam a2200205Ia 4500
003 OSt
005 20230907123756.0
008 221001s9999||||xx |||||||||||||| ||und||
020 _a9780826469533
040 _cChuka University Library
050 _aHF 5657.4
_b.L83 2003
100 _aLucey,Terry
_925
245 0 _aManagement accounting/
250 _a5th ed.
260 _aLondon
_bBook Power
_c2003.
300 _a ix, 732 pages:
_billustrations;
_c25 cm.
500 _aIncludes index
650 _aAccounting
_926
942 _cBK
_2lcc
_013
999 _c12
_d12